El problema de la urbanización del extrarradio de dicha Villa desde los puntos de vista técnico, económico, administrativo y legal / (Record no. 113123)
[ view plain ]
| 000 -LEADER | |
|---|---|
| campo de control de longitud fija | 00622nam a2200169 i 4500 |
| 001 - NÚMERO DE CONTROL | |
| campo de control | 113123 |
| 003 - IDENTIFICADOR DE NÚMERO DE CONTROL | |
| campo de control | ES-MaACL |
| 005 - FECHA Y HORA DE LA ÚLTIMA TRANSACCIÓN | |
| campo de control | 20230906185751.0 |
| 007 - CAMPO FIJO DE DESCRIPCIÓN FÍSICA--INFORMACIÓN GENERAL | |
| campo de control de longitud fija | t| |
| 008 - DATOS DE LONGITUD FIJA--INFORMACIÓN GENERAL | |
| campo de control de longitud fija | 061121s1920 sp r ||||1| spa d |
| 100 0# - ENTRADA PRINCIPAL--NOMBRE DE PERSONA | |
| Nombre de persona | Núñez Granés, Pedro. |
| 9 (RLIN) | 86200 |
| 245 13 - MENCIÓN DEL TÍTULO | |
| Título | El problema de la urbanización del extrarradio de dicha Villa desde los puntos de vista técnico, económico, administrativo y legal / |
| Mención de responsabilidad, etc. | por D. Pedro Núñez y Granés. |
| 260 ## - PUBLICACIÓN, DISTRIBUCIÓN, ETC. | |
| Lugar de publicación, distribución, etc. | Madrid : |
| Nombre del editor, distribuidor, etc. | [s. n.], |
| Fecha de publicación, distribución, etc. | 1920 ( |
| Fabricante | Imp. Municipal) |
| 300 ## - DESCRIPCIÓN FÍSICA | |
| Extensión | XIII, 584 p. ; |
| Dimensiones | 33 x 23 cm + |
| Material acompañante/anejo | 2 plan. |
| 650 #4 - PUNTO DE ACCESO ADICIONAL DE MATERIA--TÉRMINO DE MATERIA | |
| Término de materia o nombre geográfico como elemento de entrada | Urbanismo- |
| Subdivisión geográfica | Madrid. |
| 9 (RLIN) | 143144 |
| 852 ## - LOCALIZACIÓN | |
| Ubicación | ES-MaACL |
| Número de control de estantería | G-6144 |
| Estatus retirado | Estado de pérdida | Estado de daño | No para préstamo | Biblioteca de origen | Biblioteca actual | Ubicación en estantería | Fecha de adquisición | Fuente de adquisición | Total de préstamos | Signatura topográfica completa | Código de barras | Visto por última vez | Precio de reemplazo | Tipo de ítem Koha |
|---|---|---|---|---|---|---|---|---|---|---|---|---|---|---|
| Biblioteca del Ateneo de Madrid | Biblioteca del Ateneo de Madrid | Depósito 2 | 17/01/2008 | G-6144 | 1117995 | 23/02/2023 | 23/02/2023 | Libro impreso |
